Statistics for Players Who Score in World Cup 2018

Click here to take the quiz!

General Stats

  • This quiz has been taken 6 times
  • The average score is 15 of 40

Answer Stats

No.HintAnswer% Correct
1ENGHarry Kane
100%
6FRAKylian Mbappe
100%
2BELRomelu Lukaku
100%
3FRAAntoine Griezmann
80%
4PORCristiano Ronaldo
80%
7BELEden Hazard
80%
17URULuis Suarez
80%
23CROLuka Modric
80%
21NIGAhmed Musa
60%
5RUSDenis Cheryshev
60%
8URUEdinson Cavani
60%
14EGYMohamed Salah
60%
20BRANeymar
60%
22KORSon
60%
10CROIvan perisic
40%
9CROMario Mandzukic
40%
24FRAPaul Pogba
40%
26TUNWhabi Khazri
40%
13COLYerry Mina
40%
30SERAleksandar Kolarov
20%
32MEXChicharito Hernandez
20%
37DENChristian Eriksen
20%
12SPADiego Costa
20%
39ICEGylfi Sigurdsson
20%
40BELJan Vertonghen
20%
15ENGJohn Stones
20%
38BRAPaulinho
20%
18ARGSergio Aguero
20%
34JAPShinji Kagawa
20%
33BELAdnan Januzaj
0%
27SWEAndreas Granqvist
0%
11RUSArtem Dzyuba
0%
29SPAIago Aspas
0%
35ENGJesse Lingard
0%
31BELMarouane Fellaini
0%
19AUSMile Jedinak
0%
36BELNacer Chadli
0%
16BRAPhilippe Coutinho
0%
25JAPTakashi Inui
0%
28NIGVictor Moses
0%

Score Distribution

Percentile by Number Answered

Percent of People with Each Score

Your Score History

You have not taken this quiz